| 000 | 00898nam a2200265 a 4500 | ||
|---|---|---|---|
| 001 | 25202 | ||
| 003 | CO-ViMGA | ||
| 008 | 141112s2004 ck r 000 u spa d | ||
| 015 | _ack - 2013 - xxxx | ||
| 020 | _a9789583040894 | ||
| 040 |
_aCO-ViMGA _bspa _cCO-ViMGA |
||
| 041 | _aspa ita | ||
| 090 | _aBARe | ||
| 100 | 1 |
_aBarrilá, Domenico _938378 |
|
| 245 | 1 | 0 |
_aEste soy yo. 4 / _cDomenico Barrilláa, Emanuela Bussolati |
| 246 | _aSubtítulo de la cubierta : el valor de conocerme, quererme y defenderme de los antipáticos | ||
| 250 | _a1a. ed. | ||
| 260 |
_aBogotá : _bPanAméricana, _c2013 |
||
| 300 | _a31 p. : il. col. ; 24 cm. | ||
| 650 | 1 | 4 |
_aAutoestima en niños _931081 |
| 700 | 1 |
_aBussolati, Emanuela _938379 |
|
| 917 | _a2013 - 2569 2ejemplares | ||
| 942 |
_2ddc _cBK |
||
| 990 | _a2013 - 2569 PanAméricana Editorial 2 ejemplares 21 18/04/2013 a838276 07/03/2013 28/02/2013 | ||
| 999 |
_c32829 _d32829 |
||